[Event "RB-2014-0-00258"]
[Site "LSS email"]
[Date "2014.09.10"]
[Round "?"]
[White "De Waele, Willy"]
[Black "Reppert, Victor E"]
[Result "1-0"]
[WhiteElo "2067"]
[BlackElo "1859"]
[PlyCount "47"]
[EventDate "2014.08.01"]
[EventType "tourn (corr)"]
[EventRounds "6"]
[EventCountry "GER"]
[SourceTitle "Corr 2015"]
[Source "ChessBase"]
[SourceDate "2015.07.17"]
[SourceVersion "1"]
[SourceVersionDate "2015.07.17"]
[SourceQuality "1"]

1. e4 c5 2. Nf3 d6 3. d4 cxd4 4. Nxd4 Nf6 5. Nc3 g6 6. Be3 Bg7 7. f3 Nc6 8. Qd2 0-0 9. Bc4 Bd7 10. Bb3 Rb8 11. Nxc6 bxc6 12. Bxa7 Rb7 13. Be3 c5 14. e5 Ne8 15. exd6 exd6 16. 0-0-0 Qb8 17. Bh6 Bxh6 18. Qxh6 Be6 19. h4 c4 20. Ba4 Ng7 21. h5 Nf5 22. Qg5 f6 23. Qd2 Rb4 24. hxg6 1-0

[Event "RB-2014-0-00258"]
[Site "LSS email"]
[Date "2014.09.10"]
[Round "?"]
[White "Hatsek, Werner"]
[Black "Reppert, Victor E"]
[Result "1/2-1/2"]
[WhiteElo "1887"]
[BlackElo "1859"]
[PlyCount "61"]
[EventDate "2014.08.01"]
[EventType "tourn (corr)"]
[EventRounds "6"]
[EventCountry "GER"]
[SourceTitle "Corr 2015"]
[Source "ChessBase"]
[SourceDate "2015.07.17"]
[SourceVersion "1"]
[SourceVersionDate "2015.07.17"]
[SourceQuality "1"]

1. e4 c5 2. Nf3 d6 3. d4 cxd4 4. Nxd4 Nf6 5. Nc3 g6 6. Be3 Bg7 7. f3 0-0 8. Qd2 Nc6 9. 0-0-0 d5 10. Kb1 Nxd4 11. e5 Nf5 12. exf6 exf6 13. Nxd5 Nxe3 14. Qxe3 Be6 15. Bc4 f5 16. c3 Qh4 17. Bb3 Bxd5 18. Bxd5 Rfe8 19. Qc5 Re2 20. g3 Qa4 21. Bb3 Qe8 22. h4 Qe7 23. Qb5 a6 24. Qb6 Re8 25. h5 Qe3 26. Qxe3 R2xe3 27. Rd6 Kf8 28. Bd5 Be5 29. Rd7 Re7 30. Rxe7 Kxe7 31. hxg6 1/2-1/2

[Event "RB-2014-0-00258"]
[Site "LSS email"]
[Date "2014.09.10"]
[Round "?"]
[White "Reppert, Victor E"]
[Black "Luers, Charles J"]
[Result "0-1"]
[WhiteElo "1859"]
[BlackElo "1879"]
[PlyCount "70"]
[EventDate "2014.08.01"]
[EventType "tourn (corr)"]
[EventRounds "6"]
[EventCountry "GER"]
[SourceTitle "Corr 2015"]
[Source "ChessBase"]
[SourceDate "2015.07.17"]
[SourceVersion "1"]
[SourceVersionDate "2015.07.17"]
[SourceQuality "1"]

1. e4 c5 2. Nf3 d6 3. d4 cxd4 4. Nxd4 Nf6 5. Nc3 a6 6. Be3 Ng4 7. Bg5 h6 8. Bh4 g5 9. Bg3 Bg7 10. h4 Nc6 11. Nb3 gxh4 12. Bxh4 Be6 13. Qd2 Qb6 14. Nd5 Bxd5 15. exd5 Nce5 16. 0-0-0 h5 17. Kb1 Ng6 18. f3 Nxh4 19. fxg4 hxg4 20. Qg5 Bf6 21. Qxg4 Kf8 22. Bd3 a5 23. a4 Qb4 24. Qd7 Kg7 25. Bb5 Ng6 26. Qxb7 Qg4 27. Rhf1 Qxg2 28. Qb6 Rh4 29. Qc6 Rb8 30. Nxa5 Rxa4 31. Rxf6 Rxa5 32. Qc3 exf6 33. Qxa5 Qf3 34. Rf1 Qxd5 35. c4 Qd3+ 0-1

[Event "RB-2012-0-00186"]
[Site "LSS email"]
[Date "2012.07.23"]
[Round "?"]
[White "Reppert, Victor E"]
[Black "Wantoch Rekowski, Jacek"]
[Result "1/2-1/2"]
[WhiteElo "1912"]
[BlackElo "1766"]
[PlyCount "113"]
[EventDate "2012.06.20"]
[EventType "tourn (corr)"]
[EventRounds "6"]
[EventCountry "GER"]
[SourceTitle "Telechess CBM 165"]
[Source "ChessBase"]
[SourceDate "2015.03.11"]
[SourceVersion "1"]
[SourceVersionDate "2015.03.11"]
[SourceQuality "1"]

1. e4 c5 2. Nf3 d6 3. d4 cxd4 4. Nxd4 Nf6 5. Nc3 a6 6. Bg5 e6 7. f4 Qb6 8. Qd3 Qxb2 9. Rb1 Qa3 10. f5 Be7 11. fxe6 fxe6 12. Be2 Qa5 13. Bd2 Qc7 14. g4 h6 15. Qh3 0-0 16. g5 hxg5 17. Nxe6 Qc6 18. Rf1 Nxe4 19. Rxf8+ Bxf8 20. Rb6 Qe8 21. Nxe4 Bxe6 22. Qd3 Be7 23. Nxg5 Bxg5 24. Bxg5 Nd7 25. Rxd6 Rc8 26. Qe3 Nc5 27. a3 b5 28. Bf4 Qe7 29. Bf3 Qf7 30. Be5 Bc4 31. Kd2 Qf5 32. Bd4 Ne6 33. Bb2 Qh3 34. Be5 Rf8 35. Bd1 Qg2+ 36. Kc3 Rf5 37. Qg3 Qxg3+ 38. Bxg3 Nc5 39. Kd4 Nb7 40. Rd7 Nc5 41. Rd8+ Kf7 42. Ke3 Rf6 43. Rd6 g6 44. Bf3 g5 45. Be5 Re6 46. Kd4 Ke7 47. Rxe6+ Nxe6+ 48. Ke4 Ba2 49. Kf5 Bb1 50. Bd1 Kf7 51. Bf6 Nc5 52. Bxg5 Na4 53. Bf6 Nb6 54. Bd4 Nc4 55. Bc5 Nb2 56. Bh5+ Kg8 57. Bf3 1/2-1/2

[Event "RB-2012-0-00186"]
[Site "LSS email"]
[Date "2012.07.23"]
[Round "?"]
[White "Zhdanenia, Konstantin A"]
[Black "Reppert, Victor E"]
[Result "0-1"]
[WhiteElo "2003"]
[BlackElo "1912"]
[PlyCount "38"]
[EventDate "2012.06.20"]
[EventType "tourn (corr)"]
[EventRounds "6"]
[EventCountry "GER"]
[SourceTitle "Corr 2015"]
[Source "ChessBase"]
[SourceDate "2015.07.17"]
[SourceVersion "1"]
[SourceVersionDate "2015.07.17"]
[SourceQuality "1"]

1. e4 c5 2. Nf3 d6 3. d4 cxd4 4. Nxd4 Nf6 5. Nc3 g6 6. Be3 Bg7 7. f3 Nc6 8. Qd2 0-0 9. Bc4 Bd7 10. 0-0-0 Rb8 11. Kb1 b5 12. Ndxb5 Ne5 13. Be2 Rb7 14. Nd4 Qb8 15. Ka1 Rc8 16. Rb1 Nc4 17. Bxc4 Rxc4 18. Bh6 Bxh6 19. Qxh6 Rxd4 0-1

[Event "RB-2012-0-00177"]
[Site "LSS email"]
[Date "2012.05.11"]
[Round "?"]
[White "Le Duigou, Jean Guy"]
[Black "Reppert, Victor E"]
[Result "1/2-1/2"]
[WhiteElo "1841"]
[BlackElo "1908"]
[PlyCount "75"]
[EventDate "2012.04.02"]
[EventType "tourn (corr)"]
[EventRounds "6"]
[EventCountry "GER"]
[SourceTitle "Telechess CBM 153"]
[Source "ChessBase"]
[SourceDate "2013.03.14"]
[SourceVersion "1"]
[SourceVersionDate "2013.03.14"]
[SourceQuality "1"]

1. c4 c5 2. Nf3 Nf6 3. Nc3 Nc6 4. g3 g6 5. Bg2 Bg7 6. 0-0 0-0 7. d4 cxd4 8. Nxd4 Qb6 9. Nc2 d6 10. b3 Re8 11. Bb2 Be6 12. Ne3 Qa5 13. Qc2 Ng4 14. Nxg4 Bxg4 15. Nd5 Be6 16. Rfd1 Nb4 17. Nxb4 Qxb4 18. Bxg7 Kxg7 19. Qe4 Reb8 20. Qd4+ Kg8 21. Qe3 Qb6 22. Rd4 Rc8 23. Rad1 Kg7 24. Qg5 Rc7 25. Rh4 Rh8 26. Qh6+ Kg8 27. Bd5 Bxd5 28. Rxd5 f6 29. Rf4 Kf7 30. h4 Rc5 31. h5 Qd8 32. Rg5 Kg8 33. Rxc5 dxc5 34. Rf3 g5 35. Rd3 Qc8 36. f4 gxf4 37. Qxf4 Kf7 38. Qe4 1/2-1/2

[Event "RA-2012-0-00181"]
[Site "LSS email"]
[Date "2012.01.19"]
[Round "?"]
[White "Reppert, Victor E"]
[Black "Husemann, Andreas"]
[Result "1-0"]
[WhiteElo "1899"]
[BlackElo "1993"]
[PlyCount "137"]
[EventDate "2012.01.04"]
[EventType "tourn (corr)"]
[EventRounds "6"]
[EventCountry "GER"]
[SourceTitle "Telechess CBM 155"]
[Source "ChessBase"]
[SourceDate "2013.07.16"]
[SourceVersion "1"]
[SourceVersionDate "2013.07.16"]
[SourceQuality "1"]

1. e4 e5 2. Nf3 Nc6 3. Bb5 a6 4. Ba4 Nf6 5. 0-0 Be7 6. Re1 b5 7. Bb3 0-0 8. c3 d6 9. h3 Nb8 10. d4 Nbd7 11. Nbd2 Bb7 12. Bc2 Re8 13. a4 Bf8 14. Bd3 c6 15. Qc2 g6 16. dxe5 dxe5 17. Nb3 Qc7 18. c4 Bb4 19. Bd2 Bxd2 20. Nbxd2 Qb6 21. b4 Nh5 22. Bf1 Rad8 23. axb5 cxb5 24. Qb3 Kg7 25. cxb5 axb5 26. Qe3 Qxe3 27. Rxe3 Bc6 28. Rc3 Re6 29. Ra6 Nb8 30. Rb6 Rf6 31. g3 Be8 32. Rb7 Bc6 33. Re7 h6 34. Rxe5 Nd7 35. Re7 Kf8 36. e5 Rxf3 37. Nxf3 Bxf3 38. Rxd7 Rxd7 39. Rxf3 Rd5 40. Re3 Ke7 41. f4 Rd1 42. Kf2 Rb1 43. Bxb5 Rxb4 44. Be2 Ng7 45. Ra3 h5 46. h4 Nf5 47. Bd3 Rb2+ 48. Kf3 Nd4+ 49. Ke4 Nf5 50. Ra7+ Kf8 51. Bc4 Nxg3+ 52. Kd3 Nf5 53. Rxf7+ Ke8 54. Rf6 Nxh4 55. Bf7+ Ke7 56. Bxg6 Ng2 57. f5 Nf4+ 58. Ke4 Nxg6 59. Rxg6 h4 60. Rg7+ Kf8 61. f6 Re2+ 62. Kf5 h3 63. Rh7 h2 64. Ke6 Kg8 65. Rh4 Rf2 66. Ke7 Rf5 67. e6 Rf2 68. f7+ Kg7 69. Rxh2 1-0

[Event "RB-2011-0-00130"]
[Site "LSS email"]
[Date "2011.09.01"]
[Round "?"]
[White "Reppert, Victor E"]
[Black "Rattay, Walter"]
[Result "1/2-1/2"]
[WhiteElo "1862"]
[BlackElo "1898"]
[PlyCount "53"]
[EventDate "2011.08.04"]
[EventType "tourn (corr)"]
[EventRounds "6"]
[EventCountry "GER"]
[SourceTitle "Telechess CBM 151"]
[Source "ChessBase"]
[SourceDate "2012.11.13"]
[SourceVersion "1"]
[SourceVersionDate "2012.11.13"]
[SourceQuality "1"]

1. e4 c5 2. Nf3 Nc6 3. d4 cxd4 4. Nxd4 g6 5. Nc3 Bg7 6. Be3 Nf6 7. Bc4 0-0 8. Bb3 d6 9. f3 Bd7 10. Qd2 Nxd4 11. Bxd4 b5 12. h4 a5 13. h5 a4 14. Bd5 e5 15. h6 Bxh6 16. Qxh6 exd4 17. e5 Re8 18. 0-0-0 Rxe5 19. Rxd4 Rc8 20. Ne4 Bf5 21. Bxf7+ Kxf7 22. Rxd6 Qe7 23. Rxf6+ Kg8 24. Rd6 Bxe4 25. fxe4 Qf7 26. Rf6 Qg7 27. Qxg7+ 1/2-1/2

[Event "RB-2011-0-00120"]
[Site "LSS email"]
[Date "2011.06.30"]
[Round "?"]
[White "Sherwood, Russell"]
[Black "Reppert, Victor E"]
[Result "1/2-1/2"]
[WhiteElo "1963"]
[BlackElo "1862"]
[PlyCount "53"]
[EventDate "2011.06.08"]
[EventType "tourn (corr)"]
[EventRounds "6"]
[EventCountry "GER"]
[SourceTitle "Telechess CBM 151"]
[Source "ChessBase"]
[SourceDate "2012.11.13"]
[SourceVersion "1"]
[SourceVersionDate "2012.11.13"]
[SourceQuality "1"]

1. e4 c5 2. Nf3 d6 3. d4 cxd4 4. Nxd4 Nf6 5. Nc3 g6 6. Be3 Bg7 7. f3 0-0 8. Qd2 Nc6 9. 0-0-0 d5 10. exd5 Nxd5 11. Nxc6 bxc6 12. Bd4 Nxc3 13. Qxc3 Bh6+ 14. Be3 Bxe3+ 15. Qxe3 Qb6 16. Qxe7 Be6 17. Qa3 Rad8 18. Bd3 Rd5 19. b3 Rfd8 20. Rde1 R5d6 21. h4 h5 22. Qb2 Qc5 23. Re5 Rd5 24. Rhe1 Rxe5 25. Qxe5 Rd5 26. Qe3 Qa3+ 27. Kb1 1/2-1/2

[Event "LSS RB-2010-0-00091"]
[Site "LSS email"]
[Date "2010.07.27"]
[Round "?"]
[White "Reppert, Victor E"]
[Black "Jonsson, Dadi Oern"]
[Result "0-1"]
[WhiteElo "1781"]
[BlackElo "1955"]
[PlyCount "90"]
[EventDate "2010.06.01"]
[EventType "tourn (corr)"]
[EventRounds "6"]
[EventCountry "GER"]
[SourceTitle "Telechess CBM 141"]
[Source "ChessBase"]
[SourceDate "2011.03.17"]
[SourceVersion "1"]
[SourceVersionDate "2011.03.17"]
[SourceQuality "1"]

1. e4 c5 2. Nf3 d6 3. d4 cxd4 4. Nxd4 Nf6 5. Nc3 a6 6. Be3 e5 7. Nb3 Be6 8. f3 Nbd7 9. Qd2 h5 10. 0-0-0 Be7 11. Kb1 Qc7 12. Nd5 Bxd5 13. exd5 Nb6 14. Bxb6 Qxb6 15. Re1 0-0 16. f4 Rae8 17. g3 exf4 18. gxf4 Ng4 19. Bd3 Bh4 20. Ref1 Re3 21. a4 Nf2 22. a5 Qa7 23. Rxf2 Rxd3 24. Qxd3 Qxf2 25. Qe4 Rc8 26. Rc1 Bf6 27. Rd1 g6 28. Nd2 Rc7 29. h3 Re7 30. Qb4 Re1 31. Rxe1 Qxe1+ 32. Ka2 Kg7 33. Kb3 Qe3+ 34. Ka2 h4 35. Nc4 Qxf4 36. Qb3 g5 37. Ne3 Qf3 38. Qd3 Kf8 39. Qf5 Qxf5 40. Nxf5 g4 41. hxg4 h3 42. Ng3 h2 43. Nh1 Kg7 44. c4 Kg6 45. b4 Kg5 0-1

[Event "LSS RB-2010-0-00091"]
[Site "LSS email"]
[Date "2010.07.26"]
[Round "?"]
[White "Milde, Lars"]
[Black "Reppert, Victor E"]
[Result "1/2-1/2"]
[WhiteElo "1811"]
[BlackElo "1772"]
[PlyCount "57"]
[EventDate "2010.06.01"]
[EventType "tourn (corr)"]
[EventRounds "6"]
[EventCountry "GER"]
[SourceTitle "Telechess CBM 141"]
[Source "ChessBase"]
[SourceDate "2011.03.17"]
[SourceVersion "1"]
[SourceVersionDate "2011.03.17"]
[SourceQuality "1"]

1. e4 c5 2. Nf3 d6 3. d4 cxd4 4. Nxd4 Nf6 5. Nc3 g6 6. Be3 Bg7 7. f3 Nc6 8. Qd2 0-0 9. 0-0-0 d5 10. Qe1 e5 11. Nxc6 bxc6 12. exd5 Nxd5 13. Bc4 Be6 14. Ne4 Qc7 15. Bc5 Rfd8 16. Qh4 h6 17. g4 Rd7 18. g5 h5 19. Ba3 Rad8 20. Qf2 Nc3 21. Rxd7 Qxd7 22. Nxc3 Bxc4 23. Rd1 Qc7 24. Rxd8+ Qxd8 25. Ne4 Bd5 26. Qe3 Qa5 27. Nf6+ Bxf6 28. gxf6 Bxa2 29. Bd6 1/2-1/2

[Event "LSS RB-2010-0-00091"]
[Site "LSS email"]
[Date "2010.07.26"]
[Round "?"]
[White "Reppert, Victor E"]
[Black "Amartsev, Petr"]
[Result "1/2-1/2"]
[WhiteElo "1772"]
[BlackElo "967"]
[PlyCount "63"]
[EventDate "2010.06.01"]
[EventType "tourn (corr)"]
[EventRounds "6"]
[EventCountry "GER"]
[SourceTitle "Telechess CBM 141"]
[Source "ChessBase"]
[SourceDate "2011.03.17"]
[SourceVersion "1"]
[SourceVersionDate "2011.03.17"]
[SourceQuality "1"]

1. e4 e5 2. Nf3 Nc6 3. Bb5 a6 4. Ba4 Nf6 5. 0-0 Be7 6. Re1 b5 7. Bb3 0-0 8. d4 d6 9. c3 Bg4 10. Be3 Bh5 11. h3 Qd7 12. dxe5 Nxe5 13. Nxe5 dxe5 14. Qxd7 Nxd7 15. Bd5 Rab8 16. Ba7 Rbd8 17. a4 b4 18. cxb4 Bxb4 19. Rc1 c5 20. a5 Nf6 21. Bxc5 Rc8 22. Be3 Rxc1+ 23. Bxc1 Nxd5 24. exd5 f6 25. Be3 Rd8 26. Nc3 Bf7 27. Kh2 h6 28. Ra4 Bxc3 29. bxc3 Rxd5 30. c4 Rd1 31. Rb4 f5 32. f3 1/2-1/2

[Event "LSS RC-2010-0-00046"]
[Site "LSS email"]
[Date "2010.05.22"]
[Round "?"]
[White "Reppert, Victor E"]
[Black "Sherwood, Russell"]
[Result "1-0"]
[WhiteElo "1788"]
[BlackElo "1651"]
[PlyCount "103"]
[EventDate "2010.03.27"]
[EventType "tourn (corr)"]
[EventRounds "6"]
[EventCountry "GER"]
[SourceTitle "Telechess CBM 141"]
[Source "ChessBase"]
[SourceDate "2011.03.17"]
[SourceVersion "1"]
[SourceVersionDate "2011.03.17"]
[SourceQuality "1"]

1. e4 c5 2. Nf3 d6 3. d4 cxd4 4. Nxd4 Nf6 5. Nc3 a6 6. Be3 e5 7. Nb3 Be6 8. f3 Be7 9. Qd2 0-0 10. 0-0-0 Nbd7 11. g4 b5 12. Rg1 Nb6 13. g5 Nh5 14. Kb1 Nc4 15. Bxc4 bxc4 16. Nc1 Rb8 17. N1e2 Qc7 18. Qe1 Qb7 19. Bc1 f5 20. Nd5 Bxd5 21. Rxd5 fxe4 22. fxe4 Rf3 23. Qh4 g6 24. Qg4 Rf2 25. h4 Kg7 26. Rdd1 Nf4 27. Nxf4 Rxf4 28. Qh3 Rf2 29. Rg4 Qd7 30. Qg3 Qe6 31. Qxf2 Qxg4 32. Qa7 Qxd1 33. Qxb8 Qg4 34. Qc7 Kf8 35. Qxc4 Qxh4 36. Qxa6 Qxe4 37. a4 Qh1 38. Qc8+ Kf7 39. Qg4 Qe1 40. Qf3+ Ke8 41. Qe3 Qxe3 42. Bxe3 d5 43. c3 Kd7 44. Kc2 Kc6 45. b4 Bd8 46. Kd3 e4+ 47. Kc2 Kb7 48. Kb3 Kc6 49. b5+ Kd7 50. Kb4 Be7+ 51. Ka5 Bf8 52. Kb6 1-0

[Event "LSS RC-2010-0-00039"]
[Site "LSS email"]
[Date "2010.03.06"]
[Round "?"]
[White "Endean, Andrew"]
[Black "Reppert, Victor E"]
[Result "1/2-1/2"]
[WhiteElo "1656"]
[BlackElo "1765"]
[PlyCount "100"]
[EventDate "2010.01.16"]
[EventType "tourn (corr)"]
[EventRounds "6"]
[EventCountry "GER"]
[SourceTitle "Telechess CBM 141"]
[Source "ChessBase"]
[SourceDate "2011.03.17"]
[SourceVersion "1"]
[SourceVersionDate "2011.03.17"]
[SourceQuality "1"]

1. d4 Nf6 2. c4 g6 3. Nc3 d5 4. cxd5 Nxd5 5. e4 Nxc3 6. bxc3 Bg7 7. Nf3 c5 8. Rb1 0-0 9. Be2 cxd4 10. cxd4 Qa5+ 11. Bd2 Qxa2 12. 0-0 Bg4 13. Be3 Nc6 14. Rxb7 Rab8 15. Rc7 Rfc8 16. Rxc8+ Rxc8 17. h3 Bd7 18. Bb5 a5 19. Qb1 Qxb1 20. Rxb1 Rb8 21. Nd2 e6 22. Kf1 h6 23. Ke2 Rxb5 24. Rxb5 Nxd4+ 25. Bxd4 Bxb5+ 26. Ke3 a4 27. Bxg7 Kxg7 28. Kd4 e5+ 29. Kc5 Be8 30. Nc4 f5 31. exf5 gxf5 32. Kb4 f4 33. Nxe5 Kf6 34. Nc4 Bc6 35. g3 Bg2 36. h4 Bc6 37. Nb6 fxg3 38. fxg3 Kf5 39. Nxa4 Kg4 40. Nb2 Kxg3 41. Nd3 Kxh4 42. Kc5 Be4 43. Nf2 Bc2 44. Kd4 Kg3 45. Ke3 h5 46. Nh1+ Kg2 47. Nf2 Bf5 48. Nd1 h4 49. Nf2 Bc2 50. Kf4 h3 1/2-1/2

[Event "LSS RC-2010-0-00039"]
[Site "LSS email"]
[Date "2010.03.06"]
[Round "?"]
[White "Jordaan, Wayne"]
[Black "Reppert, Victor E"]
[Result "0-1"]
[WhiteElo "1682"]
[BlackElo "1799"]
[PlyCount "82"]
[EventDate "2010.01.16"]
[EventType "tourn (corr)"]
[EventRounds "6"]
[EventCountry "GER"]
[SourceTitle "Telechess CBM 141"]
[Source "ChessBase"]
[SourceDate "2011.03.17"]
[SourceVersion "1"]
[SourceVersionDate "2011.03.17"]
[SourceQuality "1"]

1. d4 Nf6 2. c4 g6 3. Nc3 d5 4. cxd5 Nxd5 5. e4 Nxc3 6. bxc3 Bg7 7. Nf3 c5 8. Rb1 cxd4 9. Bb5+ Nc6 10. cxd4 0-0 11. d5 a6 12. Be2 Ne5 13. Nxe5 Bxe5 14. 0-0 b5 15. Bg5 Qd6 16. f4 Bg7 17. Kh1 h6 18. Bh4 Bb7 19. a4 f5 20. e5 Qxd5 21. Qxd5+ Bxd5 22. axb5 axb5 23. Bxe7 Rfe8 24. Rxb5 Bxg2+ 25. Kxg2 Rxe7 26. Bc4+ Kh7 27. Rd5 Rc7 28. Bd3 Ra4 29. h4 h5 30. Kg3 Bf8 31. Bb5 Ra3+ 32. Bd3 Kg7 33. Rd1 Kf7 34. Rd4 Be7 35. Kh3 Rb7 36. Kg3 Rb2 37. Rd7 Ke6 38. Rd4 Bc5 39. Rd8 Re2 40. Rf1 Rd2 41. Rf3 Ke7 0-1

[Event "LSS RC-2010-0-00039"]
[Site "LSS email"]
[Date "2010.03.06"]
[Round "?"]
[White "Van Esbroeck, Jeff"]
[Black "Reppert, Victor E"]
[Result "0-1"]
[WhiteElo "1595"]
[BlackElo "1770"]
[PlyCount "110"]
[EventDate "2010.01.16"]
[EventType "tourn (corr)"]
[EventRounds "6"]
[EventCountry "GER"]
[SourceTitle "Telechess CBM 141"]
[Source "ChessBase"]
[SourceDate "2011.03.17"]
[SourceVersion "1"]
[SourceVersionDate "2011.03.17"]
[SourceQuality "1"]

1. e4 c5 2. Nf3 d6 3. Nc3 Nc6 4. d4 cxd4 5. Nxd4 g6 6. Nd5 Bg7 7. Nb5 Rb8 8. Bc4 a6 9. Nbc7+ Kf8 10. Bg5 h6 11. Bh4 Bd7 12. f4 Rc8 13. Bf2 e6 14. Bb6 exd5 15. Ne6+ fxe6 16. Bxd8 Nxd8 17. Bd3 Bxb2 18. 0-0 Bd4+ 19. Kh1 Bxa1 20. Qxa1 Nf7 21. exd5 Ne7 22. dxe6 Bxe6 23. Re1 Bf5 24. Bxf5 gxf5 25. Qb2 Rc7 26. g3 h5 27. Qb6 Rd7 28. Qb4 h4 29. Kg2 d5 30. Re6 hxg3 31. Kxg3 Nd8 32. Rf6+ Ke8 33. Qc3 d4 34. Qc4 Ndc6 35. h4 Kd8 36. Kh3 Kc7 37. Rf7 Rh6 38. a4 Kb8 39. Rf8+ Ka7 40. Rf7 Rd5 41. Rg7 Re6 42. h5 Re4 43. Qa2 Rxf4 44. Kg3 Rf1 45. h6 Rh1 46. h7 f4+ 47. Kf3 Rdh5 48. Qg8 Nf5 49. Rg1 R1h3+ 50. Kf2 Rxh7 51. Qf8 Rh2+ 52. Rg2 Ne3 53. Rxh2 Rxh2+ 54. Kf3 Rxc2 55. Qxf4 Nc4 0-1

[Event "LSS RB-2009-0-00066"]
[Site "LSS email"]
[Date "2009.10.15"]
[Round "?"]
[White "Reppert, Victor E"]
[Black "Lanin, Boris Aleksandrovic"]
[Result "1-0"]
[WhiteElo "1805"]
[BlackElo "1913"]
[PlyCount "165"]
[EventDate "2009.09.07"]
[EventType "tourn (corr)"]
[EventRounds "6"]
[EventCountry "GER"]
[SourceTitle "Corr 2013"]
[Source "ChessBase"]
[SourceDate "2012.11.12"]
[SourceVersion "1"]
[SourceVersionDate "2012.11.12"]
[SourceQuality "1"]

1. e4 g6 2. d4 Bg7 3. Nc3 d6 4. Nf3 Nf6 5. Be2 0-0 6. 0-0 Bg4 7. Be3 Nc6 8. Qd2 e5 9. d5 Ne7 10. Rad1 Bd7 11. Ne1 b5 12. a3 a5 13. b4 axb4 14. axb4 Ra3 15. f3 Qb8 16. Nb1 Ra2 17. Nd3 c6 18. Nc1 Ra8 19. dxc6 Nxc6 20. c3 d5 21. exd5 Ne7 22. Bc5 Nexd5 23. Bxf8 Bxf8 24. Bd3 Qa7+ 25. Rf2 Ne3 26. Re1 Bh6 27. Qe2 Nfd5 28. Kh1 Qb6 29. Nb3 f5 30. Qb2 Bc6 31. Rfe2 Qd8 32. Na5 Be8 33. g3 f4 34. Be4 Bf7 35. c4 bxc4 36. Nc6 Qf6 37. Nxe5 Bg7 38. gxf4 Qxf4 39. Rxe3 Bxe5 40. Nc3 Nxe3 41. Bxa8 Nf5 42. b5 Bd4 43. Bc6 Qh4 44. Qd2 Kg7 45. Ne2 Be5 46. f4 c3 47. Qc1 Ne3 48. Rg1 Ng4 49. Rxg4 Qxg4 50. Qe3 c2 51. Qxe5+ Kg8 52. Bd5 c1Q+ 53. Nxc1 Qd1+ 54. Kg2 Bxd5+ 55. Kf2 Qf3+ 56. Ke1 Qh1+ 57. Kd2 Qxh2+ 58. Kc3 Qh1 59. Kd4 Bb7 60. Nd3 Qg1+ 61. Kc4 Qg2 62. Kc5 h5 63. Kb6 Be4 64. Nc5 Ba8 65. Qf6 h4 66. Qxh4 Kf7 67. Kc7 Qc2 68. Qh7+ Kf6 69. Qh8+ Kf5 70. Qf8+ Kg4 71. Qxa8 Qxc5+ 72. Qc6 Qa7+ 73. Kc8 Qa4 74. Qxg6+ Kxf4 75. b6 Qa6+ 76. Kb8 Qb5 77. Qd6+ Kg4 78. b7 Kh3 79. Qa3+ Kg2 80. Ka7 Qd7 81. Qa2+ Kg1 82. Qb1+ Kg2 83. Qe4+ 1-0

[Event "LSS RB-2009-0-00066"]
[Site "LSS email"]
[Date "2009.10.09"]
[Round "?"]
[White "Reppert, Victor E"]
[Black "Seiler, Peter"]
[Result "1-0"]
[WhiteElo "1875"]
[BlackElo "1927"]
[PlyCount "35"]
[EventDate "2009.09.07"]
[EventType "tourn (corr)"]
[EventRounds "6"]
[EventCountry "GER"]
[SourceTitle "Telechess CBM 137"]
[Source "ChessBase"]
[SourceDate "2010.07.15"]
[SourceVersion "1"]
[SourceVersionDate "2010.07.15"]
[SourceQuality "1"]

1. e4 e6 2. d4 d5 3. Nc3 Nf6 4. Bg5 Bb4 5. e5 h6 6. exf6 hxg5 7. fxg7 Rg8 8. h4 gxh4 9. Qh5 Qf6 10. Qxh4 Qxg7 11. Nf3 Nc6 12. 0-0-0 Bd7 13. Bb5 Be7 14. Qf4 Bd6 15. Qe3 0-0-0 16. g3 Rh8 17. Ne2 Rxh1 18. Rxh1 1-0

[Event "LSS No Engine Cup Gr03 prel 02 email"]
[Site "LSS email"]
[Date "2009.07.16"]
[Round "?"]
[White "Reppert, Victor E"]
[Black "Brouwer, Mariska Angela"]
[Result "0-1"]
[WhiteElo "1875"]
[BlackElo "1465"]
[PlyCount "94"]
[EventDate "2009.07.17"]
[EventType "tourn (corr)"]
[EventRounds "6"]
[EventCountry "GER"]
[SourceTitle "Telechess CBM 137"]
[Source "ChessBase"]
[SourceDate "2010.07.15"]
[SourceVersion "1"]
[SourceVersionDate "2010.07.15"]
[SourceQuality "1"]

1. e4 c5 2. Nf3 d6 3. d4 cxd4 4. Nxd4 Nf6 5. Nc3 a6 6. Be2 e5 7. Nb3 Be7 8. Be3 0-0 9. g4 Be6 10. g5 Nfd7 11. Qd2 Nb6 12. 0-0-0 N8d7 13. h4 a5 14. Kb1 a4 15. Nc1 Rc8 16. a3 Qc7 17. h5 Nc4 18. Bxc4 Qxc4 19. g6 Bg4 20. gxh7+ Kxh7 21. h6 g6 22. Rdg1 Bf3 23. Rh3 Bxe4 24. Nxe4 Qxe4 25. Nd3 Rc4 26. Nb4 Qf5 27. Nd5 Qxh3 28. Nxe7 Qe6 29. Nd5 Rfc8 30. c3 Rh4 31. Qd1 Rcc4 32. Bg5 Rhg4 33. Ne3 Rxg1 34. Qxg1 Rc8 35. Qd1 f6 36. Bh4 Nc5 37. Nd5 g5 38. Bg3 Kxh6 39. Nb6 Rh8 40. Nxa4 Qf5+ 41. Ka2 Qd3 42. Qxd3 Nxd3 43. Kb3 e4 44. Kc4 f5 45. Kd4 Re8 46. f3 f4 47. Bh2 exf3 0-1

[Event "LSS RB-2009-0-00051"]
[Site "LSS email"]
[Date "2009.05.23"]
[Round "?"]
[White "Reppert, Victor E"]
[Black "Marculescu, Gheorghe"]
[Result "0-1"]
[WhiteElo "1928"]
[BlackElo "1829"]
[PlyCount "106"]
[EventDate "2009.04.25"]
[EventType "tourn (corr)"]
[EventRounds "6"]
[EventCountry "GER"]
[SourceTitle "Corr 2011"]
[Source "ChessBase"]
[SourceDate "2010.08.31"]
[SourceVersion "1"]
[SourceVersionDate "2010.08.31"]
[SourceQuality "1"]

1. e4 e5 2. Nf3 Nc6 3. Bc4 Bc5 4. b4 Bxb4 5. c3 Ba5 6. d4 d6 7. Qb3 Qe7 8. d5 Nd4 9. Nxd4 exd4 10. 0-0 Bb6 11. Bb5+ Kf8 12. Nd2 dxc3 13. Qxc3 Nf6 14. Bb2 h5 15. a4 h4 16. a5 Bc5 17. h3 Rh6 18. Bd3 Kg8 19. Rfe1 Nh5 20. e5 Bxh3 21. Bf1 Bg4 22. exd6 Qxd6 23. Ne4 Bb4 24. Qc4 Qf8 25. Re3 Bf5 26. Rb3 Bxe4 27. Qxe4 Bc5 28. Qf3 Rb8 29. Bc1 Rh8 30. Bg5 Qd6 31. Rc1 b6 32. Rc4 h3 33. gxh3 Qe5 34. Qg2 Rc8 35. Be3 Qd6 36. Bxc5 bxc5 37. Rg4 Ra8 38. Rb7 g6 39. Qf3 Nf6 40. Rg5 Rh4 41. Qg3 Rf4 42. Bd3 Kf8 43. Qe3 Re8 44. Qc1 Rf3 45. Bb5 Ne4 46. Rg2 Ra8 47. Bf1 Rxh3 48. Qb2 Qf4 49. Rb3 Rh4 50. f3 Ng5 51. Be2 c4 52. Ra3 Re8 53. Qb4+ Re7 0-1